<?xml version="1.0" encoding="UTF-8"?>
<marc:record xmlns:marc="http://www.loc.gov/MARC21/slim">
   <marc:leader>00000nam a2200000 a 4500</marc:leader>
   <marc:datafield ind1="1" ind2=" " tag="100">
      <marc:subfield code="a">Davies, Stephen</marc:subfield>
      <marc:subfield code="4">aut</marc:subfield>
      <marc:subfield code="e">Verfasser/-in</marc:subfield>
   </marc:datafield>
   <marc:datafield ind1="1" ind2=" " tag="100">
      <marc:subfield code="a">Kuhlmann, Torben</marc:subfield>
   </marc:datafield>
   <marc:datafield ind1=" " ind2=" " tag="653">
      <marc:subfield code="a">Titanic / Kinderbuch</marc:subfield>
   </marc:datafield>
   <marc:datafield ind1="0" ind2="0" tag="245">
      <marc:subfield code="a">Titanic - 24 Stunden bis zum Untergang</marc:subfield>
   </marc:datafield>
   <marc:datafield ind1="0" ind2="0" tag="245">
      <marc:subfield code="b">Mit Bildern von Torben Kuhlmann</marc:subfield>
   </marc:datafield>
   <marc:datafield ind1="0" ind2="0" tag="245">
      <marc:subfield code="c">Stephen Davies. Torben Kuhlmann</marc:subfield>
   </marc:datafield>
   <marc:datafield ind1=" " ind2="1" tag="264">
      <marc:subfield code="a">Stuttgart</marc:subfield>
      <marc:subfield code="b">Aladin</marc:subfield>
      <marc:subfield code="c">2026</marc:subfield>
   </marc:datafield>
   <marc:datafield ind1="1" ind2=" " tag="520">
      <marc:subfield code="a">Das gigantischste Passagierschiff der Welt tritt seine Jungfernfahrt über den Atlantik an. Als 3. Klasse-Passagiere sind auch Jimmy und Omar an Bord. Nachts schleichen sich die beiden Freunde auf Partys an Deck, tagsüber erkunden sie die Titanic von den Frachträumen über die Crew-Gänge bis hin in die pompöse 1. Klasse. Für sie ist das Schiff wie ein großer Freizeitpark. Doch als es einen Eisberg rammt, wird der Traum zum Albtraum. Denn es gibt nur 20 Rettungsboote &#x96; nicht annähernd genug für 2228 Passagiere.</marc:subfield>
   </marc:datafield>
   <marc:datafield ind1=" " ind2=" " tag="020">
      <marc:subfield code="a">9783848921034</marc:subfield>
      <marc:subfield code="9">9783848921034</marc:subfield>
   </marc:datafield>
   <marc:datafield ind1=" " ind2=" " tag="041">
      <marc:subfield code="a">ger</marc:subfield>
   </marc:datafield>
   <marc:datafield ind1=" " ind2=" " tag="300">
      <marc:subfield code="a">126 S.</marc:subfield>
   </marc:datafield>
</marc:record>
